Dlhopisy kapitálového trhu

Salvato in:
Dettagli Bibliografici
Autore principale: Chovancová, Božena
Natura: Libro
Lingua:slovacco
Pubblicazione: Bratislava Ekonóm 1997
Edizione:1. vyd.
Soggetti:
Tags: Aggiungi Tag
Nessun Tag, puoi essere il primo ad aggiungerne!!

MARC

LEADER 00000nam a2200000 4500
001 c021717
005 20220524094959.8
020 |a 80-225-0889-6 
020 |a 80-225-0834-9 
041 0 |a slo 
044 |a SK 
245 1 0 |a Dlhopisy kapitálového trhu  |c Božena Chovancová 
250 |a 1. vyd. 
264 1 |a Bratislava  |b Ekonóm  |c 1997 
300 |a 107 s. 
610 2 0 |a dlhopisy 
610 2 0 |a trh kapitálový 
610 2 0 |a obligácie 
610 2 0 |a výnosy 
610 2 0 |a riziko 
610 2 0 |a likvidita 
100 1 |a Chovancová, Božena